[Event "Sofia Accedia op"]
[Site "Sofia"]
[Date "2023.03.25"]
[Round "3"]
[White "Baban, Boris"]
[Black "Andreev, Stanislav"]
[Result "0-1"]
[WhiteElo "1732"]
[BlackElo "2109"]
[PlyCount "94"]
[EventDate "2023.03.25"]
[EventType "swiss"]
[EventRounds "9"]
[EventCountry "BUL"]
[SourceTitle "CBM 213 Extra"]
[Source "ChessBase"]
[SourceDate "2023.05.31"]
[SourceVersion "1"]
[SourceVersionDate "2023.05.31"]
[SourceQuality "1"]

1. c3 d5 2. d3 Nf6 3. Nd2 Bg4 4. h3 Bh5 5. Ngf3 e6 6. g4 Bg6 7. Ne5 Nbd7 8. Nxg6 hxg6 9. Bg2 Bd6 10. Qc2 c5 11. Nf3 Qc7 12. Bd2 Bf4 13. 0-0-0 0-0-0 14. Kb1 Bxd2 15. Rxd2 Kb8 16. c4 Nb6 17. Rc1 Rc8 18. e3 Rhd8 19. cxd5 Nfxd5 20. d4 c4 21. Ne5 g5 22. b3 cxb3 23. Qxc7+ Rxc7 24. axb3 Rxc1+ 25. Kxc1 f6 26. Nd3 Nc8 27. Rc2 Nce7 28. Kd2 Nc6 29. Nc5 Rd6 30. Ne4 Rd7 31. Nc5 Re7 32. Ra2 b6 33. Nd3 Rc7 34. Rc2 Nde7 35. Rc4 Kc8 36. Kc3 Kd7 37. Bxc6+ Nxc6 38. Nb4 Ne7 39. e4 Ng6 40. Nd3 Rb7 41. Kb4 a6 42. e5 Rb8 43. Rc1 Rh8 44. Rh1 Kc6 45. Kc4 b5+ 46. Kc3 a5 47. exf6 gxf6 0-1